Every Country Max Verstappen has Scored F1 Points In - Statistics

General Stats
  • This quiz has been taken 11 times
    6 since last reset
  • The average score is 23 of 27
Answer Stats
Hint Answer % Correct
2017 Australia
100%
2016 Belgium
100%
2018 France
100%
2016 Italy
100%
2015 Mexico
100%
2021 Netherlands
100%
2016 Spain
100%
2015 United States of America
100%
2016 Austria
83%
2017 Bahrain
83%
2016 Brazil
83%
2016 Canada
83%
2017 China
83%
2016 Germany
83%
2016 Japan
83%
2016 Monaco
83%
2021 Qatar
83%
2017 Russia
83%
2021 Saudi Arabia
83%
2016 Singapore
83%
2016 United Arab Emirates
83%
2016 United Kingdom
83%
2018 Azerbaijan
67%
2015 Hungary
67%
2015 Malaysia
67%
2020 Turkey
67%
2021 Portugal
50%
No matching quizzes found
Score Distribution
Percent of People with Each Score
Percentile by Number Answered
Your Score History
You have not taken this quiz since the last reset